Io sono mare /

Mare è una bambina con la voglia di scoprire. Franky è il suo amico, un pesce pagliaccio antropomorfo. Insieme fanno un viaggio intenso come un sogno e precipitano in un oceano immaginario. Ci sono anemoni che possono fare male, palloni gonfiati, anfiprioni in trasformazione. Mare ci fa crescere in...

Descripción completa

Guardado en:
Detalles Bibliográficos
Autor principal: Portolano, Cristina (Autor)
Formato: Libro
Lenguaje:italiano
Publicado: Bologna : Canicola, 2018
Colección:Dino Buzzati
Etiquetas: Agregar Etiqueta
Sin Etiquetas, Sea el primero en etiquetar este registro!

MARC

LEADER 00000nam a22000007i 4500
001 IT\ICCU\VIA\0359544
003 ItRI
005 20260115232209.0
008 181002s2018 it |||||| ||||| |||||c
020 |a 9788899524289 
040 |b ita  |c importazione bologna sebina 
041 7 |a ita  |2 ISO-639-2 
082 |a 741.5945  |9 RACCOLTE DI VIGNETTE, CARICATURE, FUMETTI. Italia  |2 21 
100 1 |a Portolano, Cristina  |0 IT\ICCU\MODV\660600  |4 aut 
240 1 0 |a Io sono mare  |3 IT\ICCU\VIA\0359546  |9 Portolano, Cristina 
245 1 0 |a Io sono mare /  |c Cristina Portolano. 
260 |a Bologna :  |b Canicola,  |c 2018 
300 |a 1 volume (senza paginazione) :  |b fumetti ;  |c 25 cm 
520 |a Mare è una bambina con la voglia di scoprire. Franky è il suo amico, un pesce pagliaccio antropomorfo. Insieme fanno un viaggio intenso come un sogno e precipitano in un oceano immaginario. Ci sono anemoni che possono fare male, palloni gonfiati, anfiprioni in trasformazione. Mare ci fa crescere in un racconto che intreccia Ponyo di Miyazaki ma in senso contrario, dalla terra verso l'acqua. Età di lettura: da 8 anni. 
830 0 |a Dino Buzzati  |0 IT\ICCU\VIA\0332604 
942 |2 ddc  |c BK  |n 0 
952 |0 0  |1 0  |4 0  |6 R_741_594000000000000_POR  |7 0  |9 21795  |a BO  |b BO  |d 2026-01-15  |i 18889  |l 0  |o R 741.594 POR  |p BO18889  |r 2026-01-15 23:22:09  |w 2026-01-15  |x [Sebina 5] [1 v.]  |y BK  |z 1 v. 
952 |0 0  |1 0  |4 0  |6 R_741_594000000000000_POR  |7 0  |9 21796  |a BO  |b BO  |d 2026-01-15  |i 20299  |l 0  |o R 741.594 POR  |p BO20299  |r 2026-01-15 23:22:09  |w 2026-01-15  |x [Sebina 7] [1 v.]  |y BK  |z 1 v. (2. copia) 
999 |c 18624  |d 18624